| 000 | 00527nam a2200193Ia 4500 | ||
|---|---|---|---|
| 005 | 20250423100316.0 | ||
| 008 | 250422s9999 xx 000 0 und d | ||
| 020 | _a9780702030864 | ||
| 050 | _aQM 451 .C74/ | ||
| 100 | _aCrossman, Alan R. | ||
| 245 | 0 | _aNeuroanatomy: an illustrated colour text | |
| 250 | _a4th ed. | ||
| 260 | _aNew York | ||
| 260 | _bChurchill Livingstone | ||
| 260 | _c2013 | ||
| 300 | _a188 p | ||
| 650 | _aNeuroanatomy. Central Nervous System _ Anatomy and histology _ Atlases. | ||
| 942 | _cBK | ||
| 999 |
_c32909 _d32909 |
||